| 000 | 00784cai a22001815a 4500 | ||
|---|---|---|---|
| 001 | E150365 | ||
| 008 | 100705u xxk g 000 0 eng d | ||
| 035 | _a(Sirsi) u150365 | ||
| 041 | 0 | _aeng | |
| 110 | 2 |
_aScotland _bScottish Government _95344 |
|
| 245 | 0 | 0 |
_aHousing policy discussion _h[electronic resource] |
| 520 | _aA Scottish Government website dedicated to a discussion of future housing policy. The focus for the discussion is the paper "Housing: Fresh thinking, New Ideas" (see E150019), published in May 2010. | ||
| 590 | _aKA | ||
| 651 | 4 |
_aScotland _y1999- |
|
| 690 | _aPROPERTY-RESIDENTIAL PROPERTY-DOMESTIC RESIDENTIAL PROPERTY-HOUSING | ||
| 856 | 4 | 0 |
_uhttps://housingdiscussion.scotland.gov.uk/ _zView the website at http://housingdiscussion.scotland.gov.uk |
| 942 | _n0 | ||
| 999 |
_c120867 _d120867 |
||